Better call Saul. Season 4 (Record no. 244429)
[ view plain ]
| 000 -LEADER | |
|---|---|
| fixed length control field | 02794cgm a2200625Mi 4500 |
| 001 - CONTROL NUMBER | |
| control field | on1100241802 |
| 003 - CONTROL NUMBER IDENTIFIER | |
| control field | OCoLC |
| 005 - DATE AND TIME OF LATEST TRANSACTION | |
| control field | 20251218110500.0 |
| 007 - PHYSICAL DESCRIPTION FIXED FIELD--GENERAL INFORMATION | |
| fixed length control field | vd cvaizu |
| 008 - FIXED-LENGTH DATA ELEMENTS--GENERAL INFORMATION | |
| fixed length control field | 190408s2019 cau491 e vleng d |
| 020 ## - INTERNATIONAL STANDARD BOOK NUMBER | |
| International Standard Book Number | 9786317724624 |
| 020 ## - INTERNATIONAL STANDARD BOOK NUMBER | |
| International Standard Book Number | 6317724628 |
| 024 7# - OTHER STANDARD IDENTIFIER | |
| Standard number or code | 00043396552296 |
| Source of number or code | gtin-14 |
| 024 1# - OTHER STANDARD IDENTIFIER | |
| Standard number or code | 043396552296 |
| 028 42 - PUBLISHER NUMBER | |
| Publisher number | 55229 |
| Source | Sony Pictures Home Entertainment |
| 035 ## - SYSTEM CONTROL NUMBER | |
| System control number | (OCoLC)1100241802 |
| 040 ## - CATALOGING SOURCE | |
| Original cataloging agency | CG4 |
| Language of cataloging | eng |
| Description conventions | rda |
| Transcribing agency | CG4 |
| Modifying agency | OCLCO |
| -- | UINTA |
| 041 ## - LANGUAGE CODE | |
| Language code of text/sound track or separate title | fre |
| 041 1# - LANGUAGE CODE | |
| Language code of text/sound track or separate title | por |
| Language code of original and/or intermediate translations of text | eng |
| 046 ## - SPECIAL CODED DATES | |
| Beginning or single date created | 2018 |
| Ending date created | 2018 |
| 049 ## - LOCAL HOLDINGS (OCLC) | |
| Holding library | UCLB |
| 050 14 - LIBRARY OF CONGRESS CALL NUMBER | |
| Classification number | PN1992.77 |
| Item number | .B48 2015 v.4 |
| 082 04 - DEWEY DECIMAL CLASSIFICATION NUMBER | |
| Classification number | 791.45/72 |
| Edition number | 23 |
| 092 ## - LOCALLY ASSIGNED DEWEY CALL NUMBER (OCLC) | |
| Classification number | DVD |
| 245 00 - TITLE STATEMENT | |
| Title | Better call Saul. Season 4 |
| 264 #1 - Production, Publication, Distribution, Manufacture, and Copyright Notice. | |
| Place of production, publication, distribution, manufacture | Culver City, California : |
| Name of producer, publisher, distributor, manufacturer | Sony Pictures Home Entertainment, written by Peter Gould, Thomas Schnauz, Gordon Smith, Heather Marion, Ann Cherkis [and others] ; directed by Minkie Spiro, Michelle MacLaren, Daniel Sackheim, John Shiban, Michael Morris [and others]. |
| Date of production, publication, distribution, manufacture, or copyr | 2019. |
| 300 ## - PHYSICAL DESCRIPTION | |
| Extent | 3 videodiscs (491 min.) : |
| Other physical details | sound, color ; |
| Dimensions | 4 3/4 in. |
| 336 ## - Content Type | |
| Content type term | two-dimensional moving image |
| 337 ## - Media type | |
| Media type term | video |
| 338 ## - Carrier type | |
| Carrier type term | videodisc |
| 500 ## - GENERAL NOTE | |
| General note | Wide screen 1.78:1. |
| 505 0# - FORMATTED CONTENTS NOTE | |
| Formatted contents note | Smoke -- Breathe -- Something beautiful -- Talk -- Quite a ride -- Pi�nata -- Something stupid -- Coushatta -- Wiedersehen -- Winner. |
| 511 1# - PARTICIPANT OR PERFORMER NOTE | |
| Participant or performer note | Bob Odenkirk, Jonathan Banks, Rhea Seehorn, Patrick Fabian, Giancarlo Esposito. |
| 518 ## - DATE/TIME AND PLACE OF AN EVENT NOTE | |
| Date/time and place of an event note | Originally broadcast on television in 2018. |
| 520 ## - SUMMARY, ETC. | |
| Summary, etc | Follows the trials of criminal lawyer Saul Goodman. |
| 521 8# - TARGET AUDIENCE NOTE | |
| Target audience note | MPAA rating: MA<br/>Sex and Nudity<br/>Violence and Gore |
| 540 ## - TERMS GOVERNING USE AND REPRODUCTION NOTE | |
| Terms governing use and reproduction | For private home use only. |
| 546 ## - LANGUAGE NOTE | |
| Language note | In English, French, or Portuguese with optional English, French, Portuguese, or Spanish subtitles. |
| 546 ## - LANGUAGE NOTE | |
| Language note | Closed-captioned. |
| 650 #0 - SUBJECT ADDED ENTRY--TOPICAL TERM | |
| Topical term or geographic name as entry element | Crime |
| Form subdivision | Drama. |
| 9 (RLIN) | 5695137 |
| 650 #0 - SUBJECT ADDED ENTRY--TOPICAL TERM | |
| Topical term or geographic name as entry element | Legal drama. |
| 9 (RLIN) | 92921 |
| 655 #7 - INDEX TERM--GENRE/FORM | |
| Genre/form data or focus term | Television crime shows. |
| Source of term | lcgft |
| 9 (RLIN) | 5706353 |
| 655 #7 - INDEX TERM--GENRE/FORM | |
| Genre/form data or focus term | Television series. |
| Source of term | lcgft |
| 9 (RLIN) | 5674288 |
| 655 #7 - INDEX TERM--GENRE/FORM | |
| Genre/form data or focus term | Fiction television programs. |
| Source of term | lcgft |
| 9 (RLIN) | 5673656 |
| 655 #7 - INDEX TERM--GENRE/FORM | |
| Genre/form data or focus term | Video recordings for the hearing impaired. |
| Source of term | lcgft |
| 9 (RLIN) | 5776243 |
| 700 1# - ADDED ENTRY--PERSONAL NAME | |
| Personal name | Spiro, Minkie, |
| Relator term | director. |
| 9 (RLIN) | 6006112 |
| 700 1# - ADDED ENTRY--PERSONAL NAME | |
| Personal name | MacLaren, Michelle, |
| Dates associated with a name | 1965- |
| Relator term | director. |
| 9 (RLIN) | 5898149 |
| 700 1# - ADDED ENTRY--PERSONAL NAME | |
| Personal name | Odenkirk, Bob, |
| Dates associated with a name | 1962- |
| Relator term | producer, |
| -- | actor. |
| 9 (RLIN) | 77113 |
| 700 1# - ADDED ENTRY--PERSONAL NAME | |
| Personal name | Banks, Jonathan, |
| Dates associated with a name | 1947- |
| Relator term | actor. |
| 9 (RLIN) | 5766081 |
| 700 1# - ADDED ENTRY--PERSONAL NAME | |
| Personal name | Seehorn, Rhea, |
| Dates associated with a name | 1972- |
| Relator term | actor. |
| 9 (RLIN) | 5940507 |
| 730 02 - ADDED ENTRY--UNIFORM TITLE | |
| Uniform title | Better call Saul (Television program). |
| Number of part/section of a work | Season 4. |
| Medium | Two-dimensional moving image. |
| Language of a work | French. |
| 9 (RLIN) | 5776247 |
| 730 02 - ADDED ENTRY--UNIFORM TITLE | |
| Uniform title | Better call Saul (Television program). |
| Number of part/section of a work | Season 4. |
| Medium | Two-dimensional moving image. |
| Language of a work | Portuguese. |
| 9 (RLIN) | 5776248 |
| 730 0# - ADDED ENTRY--UNIFORM TITLE | |
| Uniform title | Better call Saul (Television program). |
| Number of part/section of a work | Season 4. |
| 9 (RLIN) | 5776249 |
| 942 ## - ADDED ENTRY ELEMENTS (KOHA) | |
| Source of classification or shelving scheme | Dewey Decimal Classification |
| Koha item type | Rated-R Video, DVD, or Blu-Ray |
| Withdrawn status | Lost status | Source of classification or shelving scheme | Materials specified (bound volume or other part) | Damaged status | Not for loan | Collection code | Home library | Current library | Shelving location | Date acquired | Source of acquisition | Cost, normal purchase price | Total Checkouts | Total Renewals | Full call number | Barcode | Date last seen | Date checked out | Cost, replacement price | Price effective from | Koha item type |
|---|---|---|---|---|---|---|---|---|---|---|---|---|---|---|---|---|---|---|---|---|---|
| Dewey Decimal Classification | .CIRCNOTE. 3 discs | Television Series | Wasatch County Library | Wasatch County Library | Audio Visual Area | 06/27/2019 | 26.99 | 16 | 7 | TV Series Better Call Saul #4 | 34301001634577 | 07/08/2025 | 06/23/2025 | 26.99 | 03/20/2020 | DVD Series |
